Soils and the greenhouse effect : (Record no. 11393)

000 -LEADER
fixed length control field 01120cam a2200241 a 4500
020 ## - INTERNATIONAL STANDARD BOOK NUMBER
ISBN 0471923958 :
040 ## - CATALOGING SOURCE
Transcribing agency DLC
082 00 - DEWEY DECIMAL CLASSIFICATION NUMBER
Classification number 574 WIL 1990 A029 Or.
245 10 - TITLE STATEMENT
Title Soils and the greenhouse effect :
Remainder of title the present status and future trends concerning the effect of soils and their cover on the fluxes of greenhouse gases, the surface energy balance, and the water balance : proceedings of the International Conference Soils and the Greenhouse Effect /
260 ## - PUBLICATION, DISTRIBUTION, ETC. (IMPRINT)
Place of publication Chichester ;
-- New York :
Name of publisher Wiley,
Year of publication c1990.
300 ## - PHYSICAL DESCRIPTION
Number of Pages xviii, 575 p. :
Other physical details ill. ;
Dimensions 24 cm.
500 ## - GENERAL NOTE
General note "Sponsored by the Commission of the European Communities (CEC), the United Nations Environment Programme (UNEP)."
500 ## - GENERAL NOTE
General note Conference held Aug. 14-18, 1989, Wageningen, Netherlands.
650 #0 - SUBJECT ADDED ENTRY--TOPICAL TERM
Topical Term Soils and climate
650 #0 - SUBJECT ADDED ENTRY--TOPICAL TERM
Topical Term Greenhouse effect, Atmospheric
650 #0 - SUBJECT ADDED ENTRY--TOPICAL TERM
Topical Term Soil ecology
700 1# - ADDED ENTRY--PERSONAL NAME
Personal name Bouwman, A. F.
710 2# - ADDED ENTRY--CORPORATE NAME
Corporate name or jurisdiction name as entry element International Soil Reference and Information Centre.
710 1# - ADDED ENTRY--CORPORATE NAME
Corporate name or jurisdiction name as entry element Netherlands.
710 2# - ADDED ENTRY--CORPORATE NAME
Corporate name or jurisdiction name as entry element Commission of the European Communities.
710 2# - ADDED ENTRY--CORPORATE NAME
Corporate name or jurisdiction name as entry element United Nations Environment Programme.
942 ## - ADDED ENTRY ELEMENTS (KOHA)
Koha item type សៀវភៅភាសាអង់គ្លេស
952 ## - LOCATION AND ITEM INFORMATION (KOHA)
Withdrawn status [LOCAL, KOHA] 0
Holdings
Permanent Location Date acquired Koha item type Lost status Shelving location Barcode Current Location Full call number
Library Block A2017-08-01សៀវភៅភាសាអង់គ្លេស A029A09870Library Block A574 WIL 1990 A029 Or.
មជ្ឈមណ្ឌលឯការនៃសាកលវិទ្យាល័យភូមិន្ទកសិកម្មចំការដូង

Powered by Koha